Available copies
- 0 of 2 copies available at LARL/NWRL Consortium.
- 0 of 2 copies available at Lake Agassiz Regional Library. (Show preferred library)
Current holds
3 current holds with 2 total copies.
Show Only Available Copies
| Location | Call Number / Copy Notes | Barcode | Shelving Location | Status | Due Date |
|---|---|---|---|---|---|
| Crookston Public Library | SF AST (Text) | 33500014356703 | New | Checked out | 05/29/2026 |
| Hendrum LINK Site | SF AST (Text) | 33500014356711 | New | Checked out | 05/21/2026 |
Record details
- ISBN: 9780063479791
- ISBN: 0063479796
- ISBN: 9780063462434
- ISBN: 0063462435
- Physical Description: 502 pages ; 24 cm.
- Edition: First edition.
- Publisher: [New York, N.Y.] : Avon, an imprint of HarperCollinsPublishers, [2026]
- Copyright: ©2026.
Content descriptions
| Summary, etc.: | "Hundreds of years ago, a brutal war split a land ... Read More |
Search for related items by subject
| Subject: | Magic > Fiction. Imaginary wars and battles > Fiction. Kings and rulers > Fiction. Quests (Expeditions) > Fiction. Contests > Fiction. Gods > Fiction. |
| Genre: | Fantasy fiction. Fantasy fiction. Romance fiction. Novels. |
| LDR | 03831cam a2200565 i 4500 | ||
|---|---|---|---|
| 001 | 477801 | ||
| 003 | LARL_NWRL_CONSORTIUM | ||
| 005 | 20260402181522.0 | ||
| 008 | 260313t20262026nyu e 000 f eng d | ||
| 040 | . | ‡aIG# ‡beng ‡erda ‡cIG# ‡dOCLCO ‡dOCLCQ ‡dJNE ‡dBDX ‡dMRGLN ‡dOCLCO ‡dYDX ‡dRNL ‡dOCLCO ‡dMLSOD | |
| 019 | . | ‡a1525995981 ‡a1535939310 ‡a1557397775 ‡a1581591077 | |
| 020 | . | ‡a9780063479791 ‡q(hardcover ; ‡qstandard) | |
| 020 | . | ‡a0063479796 ‡q(hardcover ; ‡qstandard) | |
| 020 | . | ‡a9780063462434 ‡q(hardcover ; ‡qdeluxe) | |
| 020 | . | ‡a0063462435 ‡q(hardcover ; ‡qdeluxe) | |
| 035 | . | ‡a(OCoLC)1579212392 ‡z(OCoLC)1525995981 ‡z(OCoLC)1535939310 ‡z(OCoLC)1557397775 ‡z(OCoLC)1581591077 | |
| 082 | 0 | 4. | ‡a813/.6 ‡223/eng/20260313 |
| 100 | 1 | . | ‡aAster, Alex, ‡eauthor. ‡1https://id.oclc.org/worldcat/entity/E39PCjFY7888vYpHTp8W4Gg4YP |
| 245 | 1 | 0. | ‡aStarside / ‡cAlex Aster. |
| 246 | 3 | . | ‡aStar side |
| 250 | . | ‡aFirst edition. | |
| 264 | 1. | ‡a[New York, N.Y.] : ‡bAvon, an imprint of HarperCollinsPublishers, ‡c[2026] | |
| 264 | 4. | ‡c©2026. | |
| 300 | . | ‡a502 pages ; ‡c24 cm. | |
| 336 | . | ‡atext ‡btxt ‡2rdacontent | |
| 337 | . | ‡aunmediated ‡bn ‡2rdamedia | |
| 338 | . | ‡avolume ‡bnc ‡2rdacarrier | |
| 520 | . | ‡a"Hundreds of years ago, a brutal war split a land in two. Starside is the realm of magic and immortals--the descendants of the gods, living in a power-rich paradise. Stormside is where mortals fight for scraps of that magic. Every fifty years, the gates between them open, and fifty challengers are allowed to journey across Starside ona deadly quest to access a pool of magic that can heal, grant wealth, or extend life. Everyone has their reasons for entering, but Aris has only one: vengeance. As a child, a goddess set fire to her village, killing her family. Aris isn't after the gods' magic--she's going to kill them. First, she must survive the Culling, the king's deadly competition to choose his fifty challengers. An orphaned blacksmith's apprentice, Aris doesn't have the superior weapons of the heirs from the Great Houses. But the greatest swords--ones that contain power--are not inherited or bought, they are claimed, by both sides. And when Aris claims a great sword, it makes her not just a real competitor--but a target. Getting past the gates is only the beginning. Starside is deadlier than it seems. If the ancient creatures, magic-wielding beasts, and bloodthirsty immortals weren't dangerous enough, a new peril has even immortals fearing what rises from the ground at night. With a blade most would kill to claim, Aris can't trust anyone. Especially not Harlan Raker, the merciless and mysterious king's guard who betrayed her years ago--and who may now be the key to her survival. But Aris is hiding a secret tied to her family's death. And when it's revealed, not even the gods will be able to stopwhat's coming..."--Provided by publisher. | |
| 650 | 0. | ‡aMagic ‡vFiction. ‡0(LARL_NWRL_CONSORTIUM)165984 | |
| 650 | 0. | ‡aImaginary wars and battles ‡vFiction. ‡0(LARL_NWRL_CONSORTIUM)165215 | |
| 650 | 0. | ‡aKings and rulers ‡vFiction. ‡0(LARL_NWRL_CONSORTIUM)165843 | |
| 650 | 0. | ‡aQuests (Expeditions) ‡vFiction. ‡0(LARL_NWRL_CONSORTIUM)166982 | |
| 650 | 0. | ‡aContests ‡vFiction. | |
| 650 | 0. | ‡aGods ‡vFiction. ‡0(LARL_NWRL_CONSORTIUM)172323 | |
| 655 | 0. | ‡aFantasy fiction. | |
| 655 | 7. | ‡aFantasy fiction. ‡2lcgft | |
| 655 | 7. | ‡aRomance fiction. ‡2lcgft | |
| 655 | 7. | ‡aNovels. ‡2lcgft | |
| 901 | . | ‡a477801 ‡bOCoLC ‡c477801 ‡tbiblio ‡soclc | |

Add to basket
Permalink
Disable Highlighting